000 00310nam a2200133Ia 4500
008 231129s1994||||xx |||||||||||||| ||spa||
040 _bspa
082 _a658.404 M313g
100 _aMarcano Armando
245 0 _aGerencia de proyectos industriales
260 _c1994
264 _aSecab
942 _2ddc
_cBKS
999 _c14458
_d14458